Statistiques concernant Taylor Swift - Paroles I Can Do It With a Broken Heart

Cliquez ici pour prendre le quiz!

Statistiques générales

  • Ce quiz a été pris 53 fois
    (47 depuis la dernière actualisation)
  • Le résultat moyen est 351 sur 390

Statistiques - réponses

HintRéponse% Correct
a
100%
Ah,
100%
an
100%
broken
100%
can
100%
do
100%
(Haha)
100%
(He
100%
he
100%
He
100%
heart
100%
Couplet 1 | Couplet 2I
100%
it
100%
it"
100%
my
100%
The
100%
the
100%
with
100%
You
100%
you
100%
And
97%
and
97%
But
97%
but
97%
Pré-refrain'Cause
97%
did
97%
even
97%
Even
97%
fake
97%
handle
97%
him,
97%
his
97%
I'm
97%
kid
97%
life"
97%
life
97%
make
97%
me
97%
me),
97%
shit
97%
so
97%
when
97%
act
94%
All
94%
all
94%
art
94%
die
94%
every
94%
like
94%
love
94%
"More"
94%
real
94%
said,
94%
said
94%
short
94%
smile
94%
that
94%
They
94%
'til
94%
time
94%
too
94%
was
94%
am
91%
avoids
91%
birthday
91%
bitch,
91%
camera,
91%
day
91%
depressed,
91%
gotta
91%
it's
91%
lights
91%
Lights,
91%
of
91%
tough
91%
wanna
91%
your
91%
Breaking
88%
chanting,
88%
crowd
88%
cry
88%
down,
88%
floor
88%
hit
88%
lot,
88%
pieces
88%
productive,
88%
you're
88%
for
85%
good
85%
having
85%
he'd
85%
her
85%
mind
85%
obsessed
85%
pieces
85%
plague
85%
read
85%
(1,
82%
know
82%
"She's
82%
2,
79%
3,
79%
"Babe,
79%
2,
76%
as
76%
I've
76%
shattered
76%
4)
73%
been
73%
breath
73%
doin'
73%
hittin'
73%
hold
73%
in
73%
In
73%
left
73%
miserable
73%
quite
73%
shattered
73%
show
73%
since
73%
knows
70%
marks
70%
nobody
70%
winnin'
70%
night
67%
this
67%
try
67%
come
61%
grinnin'
61%
job
61%
keep
61%
There
61%
didn't
58%
pass
58%
test
58%
whole
58%
Crucial
55%
evidence
55%
finding
55%
glittering
55%
lies
55%
miles
55%
prime
55%
silhouette
55%
stilettos
55%
thing
55%
drawers
52%
imagine
52%
sure
52%
off
48%
stars
48%
things
48%
sequin
45%
refract
36%

Distribution des résultats

Percentile par nombre de réponses

% des personnes avec chaque résultat

Votre développement - résultats

Vous n’avez pas pris ce quiz depuis la dernière actualisation